| 000 | 00793cam a22002411 4500 | ||
|---|---|---|---|
| 999 |
_c129464 _d129464 |
||
| 001 | 1693167 | ||
| 003 | ARRUPE | ||
| 005 | 20190425123549.0 | ||
| 008 | 730213s1957 ohua 000 0 eng | ||
| 010 | _a 56009259 | ||
| 040 |
_aDLC _cDLC _dDLC |
||
| 050 | 0 | 0 |
_aPE1585 _b.L3 |
| 082 | 0 | 0 | _a420 |
| 100 | 1 |
_aLaird, Helene, _d1905- _945994 |
|
| 245 | 1 | 4 |
_aThe tree of language, _cby Helene and Charlton Laird. Illustrated by Ervine Metzl. |
| 250 | _a[1st ed.] | ||
| 260 |
_aCleveland, _bWorld Pub. Co. _c[1957] |
||
| 300 |
_a233 p. _billus. _c22 cm. |
||
| 650 | 0 |
_aEnglish language _xEtymology. _912837 |
|
| 650 | 0 |
_aEnglish language _xHistory. _940573 |
|
| 700 | 1 |
_aLaird, Charlton Grant, _d1901- _ejoint author. _945995 |
|
| 906 |
_a7 _bcbc _corignew _du _eocip _f19 _gy-gencatlg |
||
| 942 |
_2lcc _cMONOGRAPH |
||